[Event "High League 2022 men"]
[Site "Obninsk"]
[Date "2022.07.03"]
[Round "7.13"]
[White "Goryachkina, Aleksandra"]
[Black "Shchukin, Maksim"]
[Result "1/2-1/2"]
[LiveChessVersion "1.4.7"]
[BlackElo "2361"]
[WhiteElo "2599"]

1. c4 {[%clk 1:30:55]} c6 {[%clk 1:30:22]} 2. Nf3 {[%clk 1:31:07]} Nf6
{[%clk 1:30:39]} 3. Nc3 {[%clk 1:30:45]} d5 {[%clk 1:30:54]} 4. d4
{[%clk 1:30:59]} e6 {[%clk 1:31:14]} 5. Bg5 {[%clk 1:31:00]} h6 {[%clk 1:31:27]}
6. Bxf6 {[%clk 1:30:56]} Qxf6 {[%clk 1:31:50]} 7. e3 {[%clk 1:31:18]} Bd6
{[%clk 1:31:37]} 8. Be2 {[%clk 1:26:44]} O-O {[%clk 1:31:21]} 9. O-O
{[%clk 1:26:20]} Qe7 {[%clk 1:30:22]} 10. e4 {[%clk 1:22:20]} dxe4
{[%clk 1:29:25]} 11. Nxe4 {[%clk 1:22:40]} Bc7 {[%clk 1:28:51]} 12. Qc2
{[%clk 1:15:17]} e5 {[%clk 1:05:23]} 13. Nxe5 {[%clk 1:06:40]} Bxe5
{[%clk 1:00:26]} 14. dxe5 {[%clk 1:07:08]} Qxe5 {[%clk 1:00:27]} 15. Ng3
{[%clk 0:56:02]} Nd7 {[%clk 0:55:02]} 16. Rae1 {[%clk 0:53:27]} Nf6
{[%clk 0:48:36]} 17. Bd3 {[%clk 0:50:35]} Qc5 {[%clk 0:46:57]} 18. Qc3
{[%clk 0:46:51]} Rd8 {[%clk 0:39:07]} 19. b4 {[%clk 0:45:38]} Qd4
{[%clk 0:38:14]} 20. Qb3 {[%clk 0:41:30]} Be6 {[%clk 0:37:52]} 21. Rd1
{[%clk 0:40:42]} Qf4 {[%clk 0:36:15]} 22. Qc3 {[%clk 0:36:14]} Rd7
{[%clk 0:35:18]} 23. Ne2 {[%clk 0:34:49]} Qc7 {[%clk 0:33:33]} 24. Nd4
{[%clk 0:32:17]} Re8 {[%clk 0:31:23]} 25. Nxe6 {[%clk 0:24:55]} Rxe6
{[%clk 0:31:41]} 26. c5 {[%clk 0:24:31]} Re8 {[%clk 0:28:31]} 27. Bc4
{[%clk 0:20:28]} Rxd1 {[%clk 0:24:42]} 28. Rxd1 {[%clk 0:20:56]} Rd8
{[%clk 0:24:44]} 29. Re1 {[%clk 0:17:41]} Re8 {[%clk 0:24:39]} 30. Rxe8+
{[%clk 0:14:22]} Nxe8 {[%clk 0:25:07]} 31. Qe3 {[%clk 0:14:14]} Nf6
{[%clk 0:23:57]} 32. g3 {[%clk 0:13:58]} Kf8 {[%clk 0:22:36]} 33. a3
{[%clk 0:11:54]} a5 {[%clk 0:13:38]} 34. Qd4 {[%clk 0:07:16]} axb4
{[%clk 0:13:34]} 35. axb4 {[%clk 0:07:45]} Qe7 {[%clk 0:11:56]} 36. Kf1
{[%clk 0:07:05]} Ne8 {[%clk 0:08:08]} 37. h4 {[%clk 0:06:14]} Qf6
{[%clk 0:07:57]} 38. Qxf6 {[%clk 0:04:29]} Nxf6 {[%clk 0:08:20]} 39. Ke2
{[%clk 0:04:28]} Nd7 {[%clk 0:07:22]} 40. Ke3 {[%clk 0:34:23]} Ke7
{[%clk 0:34:54]} 41. Kd4 {[%clk 0:34:04]} Nb8 {[%clk 0:26:12]} 42. Be2
{[%clk 0:27:06]} Na6 {[%clk 0:20:59]} 43. Bxa6 {[%clk 0:15:27]} bxa6
{[%clk 0:21:23]} 44. Ke5 {[%clk 0:14:47]} f6+ {[%clk 0:14:28]} 45. Kf5
{[%clk 0:14:15]} Kf7 {[%clk 0:14:47]} 46. g4 {[%clk 0:12:43]} g6+
{[%clk 0:13:23]} 47. Ke4 {[%clk 0:13:04]} Ke6 {[%clk 0:12:54]} 48. Kd4
{[%clk 0:10:55]} g5 {[%clk 0:06:49]} 49. hxg5 {[%clk 0:09:30]} fxg5
{[%clk 0:07:13]} 50. f3 {[%clk 0:05:59]} Kf6 {[%clk 0:07:33]} 1/2-1/2

[Event "High League 2022 men"]
[Site "Obninsk"]
[Date "2022.07.03"]
[Round "7.14"]
[White "Belyakov, Bogdan"]
[Black "Murzin, Volodar"]
[Result "0-1"]
[LiveChessVersion "1.4.7"]
[BlackElo "2549"]
[WhiteElo "2448"]

1. e4 {[%clk 1:30:58]} c5 {[%clk 1:30:49]} 2. Nf3 {[%clk 1:28:57]} d6
{[%clk 1:30:37]} 3. d4 {[%clk 1:28:20]} cxd4 {[%clk 1:30:59]} 4. Nxd4
{[%clk 1:28:47]} Nf6 {[%clk 1:31:22]} 5. Nc3 {[%clk 1:29:13]} a6 {[%clk 1:31:47]}
6. Bg5 {[%clk 1:28:22]} Nbd7 {[%clk 1:31:52]} 7. Qe2 {[%clk 1:27:22]} e6
{[%clk 1:25:38]} 8. O-O-O {[%clk 1:26:10]} Be7 {[%clk 1:19:07]} 9. f4
{[%clk 1:24:25]} Qc7 10. g4 h6 {[%clk 1:03:17]} 11. Bh4 {[%clk 1:17:49]} b5
{[%clk 1:01:42]} 12. a3 {[%clk 1:13:23]} Bb7 {[%clk 0:57:33]} 13. Kb1
{[%clk 1:09:14]} Rc8 {[%clk 0:47:59]} 14. Be1 {[%clk 0:57:29]} g5
{[%clk 0:34:34]} 15. f5 {[%clk 0:50:17]} e5 {[%clk 0:33:39]} 16. Nb3
{[%clk 0:50:02]} h5 {[%clk 0:29:11]} 17. h4 {[%clk 0:32:05]} hxg4
{[%clk 0:23:49]} 18. Bg2 {[%clk 0:31:17]} gxh4 {[%clk 0:23:48]} 19. Bxh4
{[%clk 0:31:07]} Rg8 {[%clk 0:16:24]} 20. Bg3 {[%clk 0:28:32]} Nb6
{[%clk 0:13:46]} 21. Rh6 {[%clk 0:26:12]} Nfd7 {[%clk 0:04:56]} 22. Rdh1
{[%clk 0:19:29]} Na4 {[%clk 0:04:17]} 23. Be1 {[%clk 0:18:01]} Nxc3+
{[%clk 0:03:44]} 24. Bxc3 {[%clk 0:18:24]} Nf6 {[%clk 0:04:07]} 25. Na5
{[%clk 0:14:08]} Ba8 {[%clk 0:04:21]} 26. Qd3 {[%clk 0:14:25]} Qb6
{[%clk 0:03:26]} 27. Rf1 {[%clk 0:11:21]} g3 {[%clk 0:01:24]} 28. Rh3
{[%clk 0:10:01]} Bxe4 {[%clk 0:00:37]} 29. Bxe4 {[%clk 0:07:34]} Nxe4
{[%clk 0:01:03]} 30. Qxe4 {[%clk 0:07:28]} g2 {[%clk 0:01:29]} 31. Rd1
{[%clk 0:07:00]} g1=Q {[%clk 0:01:17]} 32. Rxg1 {[%clk 0:07:25]} Qxg1+
{[%clk 0:01:07]} 33. Ka2 {[%clk 0:07:47]} Qg4 {[%clk 0:01:12]} 34. Qd3
{[%clk 0:05:49]} e4 {[%clk 0:00:52]} 35. Qf1 {[%clk 0:05:48]} Qg2
{[%clk 0:01:13]} 36. Qxg2 {[%clk 0:04:57]} Rxg2 {[%clk 0:01:41]} 37. f6
{[%clk 0:05:09]} Bd8 {[%clk 0:01:16]} 38. Nb7 {[%clk 0:05:27]} Bc7
{[%clk 0:01:09]} 39. Rh4 {[%clk 0:05:17]} Re2 {[%clk 0:01:09]} 40. Rh7
{[%clk 0:35:21]} Rxc2 {[%clk 0:30:55]} 41. Bb4 {[%clk 0:34:01]} Rc6
{[%clk 0:16:33]} 42. Rh4 {[%clk 0:34:14]} Kd7 {[%clk 0:15:56]} 43. Rxe4
{[%clk 0:34:38]} Re8 {[%clk 0:16:21]} 44. Rd4 {[%clk 0:34:58]} Re5
{[%clk 0:15:23]} 45. Rd2 {[%clk 0:34:50]} Rf5 {[%clk 0:15:03]} 46. Na5
{[%clk 0:35:04]} Bxa5 {[%clk 0:15:16]} 47. Bxa5 {[%clk 0:35:29]} Rxf6
{[%clk 0:15:41]} 48. Bc3 {[%clk 0:35:51]} Rf5 {[%clk 0:13:38]} 49. Kb3
{[%clk 0:36:13]} d5 {[%clk 0:13:24]} 50. a4 {[%clk 0:36:27]} bxa4+
{[%clk 0:13:25]} 51. Kxa4 {[%clk 0:36:52]} Rf4+ {[%clk 0:13:48]} 52. Ka5
{[%clk 0:37:07]} d4 {[%clk 0:12:25]} 53. Bxd4 {[%clk 0:35:51]} Rd6
{[%clk 0:12:47]} 54. Bc3 {[%clk 0:36:14]} Rf5+ {[%clk 0:13:09]} 55. Kb4
{[%clk 0:36:40]} Rb5+ {[%clk 0:13:32]} 56. Ka3 {[%clk 0:36:51]} Rxd2
{[%clk 0:13:55]} 57. Bxd2 {[%clk 0:37:19]} Ke6 {[%clk 0:14:17]} 0-1

[Event "High League 2022 men"]
[Site "Obninsk"]
[Date "2022.07.03"]
[Round "7.15"]
[White "Yeletsky, Ivan"]
[Black "Remizov, Yaroslav"]
[Result "1-0"]
[LiveChessVersion "1.4.7"]
[BlackElo "2390"]
[WhiteElo "2474"]

1. e4 {[%clk 1:30:47]} c5 {[%clk 1:30:55]} 2. Nf3 {[%clk 1:31:04]} d6
{[%clk 1:31:21]} 3. Nc3 {[%clk 1:30:55]} Nf6 {[%clk 1:31:33]} 4. e5
{[%clk 1:30:55]} dxe5 {[%clk 1:31:13]} 5. Nxe5 {[%clk 1:31:11]} Nbd7
{[%clk 1:30:16]} 6. Nc4 {[%clk 1:18:19]} g6 {[%clk 1:28:59]} 7. Qe2
{[%clk 1:12:19]} Nb6 {[%clk 1:28:29]} 8. Qe5 {[%clk 1:09:53]} Nxc4
{[%clk 1:19:22]} 9. Bxc4 {[%clk 1:10:06]} Qd6 {[%clk 1:19:49]} 10. d4
{[%clk 1:02:19]} cxd4 {[%clk 1:14:19]} 11. Qxd6 {[%clk 1:02:17]} exd6
{[%clk 1:14:44]} 12. Nb5 {[%clk 1:02:01]} Be6 {[%clk 1:05:47]} 13. Bd3
{[%clk 0:53:21]} Nd5 {[%clk 1:01:26]} 14. O-O {[%clk 0:52:46]} a6
{[%clk 0:46:44]} 15. Nxd4 {[%clk 0:52:23]} Bg7 {[%clk 0:47:13]} 16. Nxe6
{[%clk 0:52:11]} fxe6 {[%clk 0:47:40]} 17. c3 {[%clk 0:45:42]} O-O-O
{[%clk 0:45:10]} 18. a4 {[%clk 0:44:00]} e5 {[%clk 0:43:15]} 19. Bg5
{[%clk 0:41:23]} Bf6 {[%clk 0:42:39]} 20. Bc4 {[%clk 0:40:56]} Bxg5
{[%clk 0:42:49]} 21. Bxd5 {[%clk 0:41:18]} Kb8 {[%clk 0:31:00]} 22. Rfd1
{[%clk 0:40:57]} Rhf8 {[%clk 0:30:27]} 23. g3 {[%clk 0:38:06]} a5
{[%clk 0:18:10]} 24. b4 {[%clk 0:28:18]} Rd7 {[%clk 0:14:16]} 25. bxa5
{[%clk 0:28:28]} Bd8 {[%clk 0:14:43]} 26. a6 {[%clk 0:26:23]} bxa6
{[%clk 0:15:10]} 27. Rdb1+ {[%clk 0:21:10]} Kc7 {[%clk 0:09:40]} 28. a5
{[%clk 0:16:36]} e4 {[%clk 0:09:49]} 29. Rb6 {[%clk 0:10:08]} Rf5
{[%clk 0:10:06]} 30. c4 {[%clk 0:08:52]} Bf6 {[%clk 0:10:31]} 31. Rab1
{[%clk 0:09:03]} Kd8 {[%clk 0:10:17]} 32. Rd1 {[%clk 0:06:06]} Re5
{[%clk 0:07:00]} 33. Rxa6 {[%clk 0:06:09]} e3 {[%clk 0:07:20]} 34. fxe3
{[%clk 0:05:54]} Rxe3 {[%clk 0:07:45]} 35. Bc6 {[%clk 0:05:00]} Rc7
{[%clk 0:08:03]} 36. Ra8+ {[%clk 0:05:21]} Rc8 {[%clk 0:08:27]} 37. Rxd6+
{[%clk 0:05:39]} Kc7 {[%clk 0:08:48]} 38. Rxf6 {[%clk 0:06:00]} 1-0

[Event "High League 2022 men"]
[Site "Obninsk"]
[Date "2022.07.03"]
[Round "7.16"]
[White "Grigorjev, Iljya"]
[Black "Paravyan, David"]
[Result "1/2-1/2"]
[LiveChessVersion "1.4.7"]
[BlackElo "2620"]
[WhiteElo "2350"]

1. d4 {[%clk 1:30:53]} Nf6 {[%clk 1:30:56]} 2. c4 {[%clk 1:31:16]} g6
{[%clk 1:31:24]} 3. Nc3 {[%clk 1:31:38]} d5 {[%clk 1:31:52]} 4. Nf3
{[%clk 1:31:59]} Bg7 {[%clk 1:32:16]} 5. cxd5 {[%clk 1:32:23]} Nxd5
{[%clk 1:32:44]} 6. e4 {[%clk 1:32:45]} Nxc3 {[%clk 1:33:11]} 7. bxc3
{[%clk 1:33:08]} c5 {[%clk 1:33:39]} 8. h3 {[%clk 1:33:32]} O-O {[%clk 1:34:01]}
9. Be3 {[%clk 1:32:07]} Qa5 {[%clk 1:31:57]} 10. Bd2 Qa3 {[%clk 0:45:18]} 11. Be2
{[%clk 1:32:10]} Rd8 {[%clk 0:41:16]} 12. Rc1 {[%clk 1:23:57]} Na6
{[%clk 0:27:16]} 13. Bg5 {[%clk 1:09:56]} cxd4 {[%clk 0:25:34]} 14. cxd4
{[%clk 1:10:21]} Bxd4 {[%clk 0:22:20]} 15. Nxd4 {[%clk 1:09:47]} Qb4+
{[%clk 0:22:47]} 16. Qd2 {[%clk 1:04:49]} Rxd4 {[%clk 0:22:32]} 17. Qxb4
{[%clk 1:05:13]} Nxb4 {[%clk 0:22:48]} 18. O-O {[%clk 1:05:36]} Nc6
{[%clk 0:08:21]} 19. Bb5 {[%clk 1:05:34]} f6 {[%clk 0:08:34]} 20. Be3
{[%clk 1:03:55]} Rxe4 {[%clk 0:08:26]} 21. Bxc6 {[%clk 1:03:52]} bxc6
{[%clk 0:08:51]} 22. Rxc6 {[%clk 1:04:18]} Be6 {[%clk 0:07:11]} 23. Rc7
{[%clk 1:03:37]} Bxa2 {[%clk 0:07:23]} 24. Ra1 {[%clk 1:04:00]} Bf7
{[%clk 0:06:37]} 25. Raxa7 {[%clk 1:03:58]} Rxa7 {[%clk 0:07:02]} 26. Rxa7
{[%clk 1:04:23]} Be8 {[%clk 0:06:13]} 27. g4 {[%clk 1:00:45]} Kf7
{[%clk 0:04:29]} 28. Kh2 {[%clk 1:00:45]} Re5 {[%clk 0:04:45]} 29. Kg3
{[%clk 1:01:00]} Rd5 {[%clk 0:05:07]} 30. h4 {[%clk 0:59:10]} h5 {[%clk 0:02:10]}
31. g5 {[%clk 0:57:17]} Bd7 {[%clk 0:02:34]} 32. gxf6 {[%clk 0:57:41]} exf6
{[%clk 0:02:59]} 33. Rc7 {[%clk 0:58:05]} Ke6 {[%clk 0:02:52]} 34. Rc1
{[%clk 0:57:47]} Ra5 {[%clk 0:02:58]} 35. Re1 {[%clk 0:56:42]} Ra4
{[%clk 0:02:13]} 36. Bf4+ {[%clk 0:56:58]} Kf5 {[%clk 0:01:33]} 37. Rc1
{[%clk 0:57:19]} Ke6 {[%clk 0:00:33]} 38. Re1+ {[%clk 0:57:42]} Kf7
{[%clk 0:00:41]} 39. Rc1 {[%clk 0:57:58]} Rd4 {[%clk 0:00:33]} 40. Rc2
{[%clk 1:27:27]} Ke6 {[%clk 0:30:32]} 41. Rd2 {[%clk 1:26:02]} Rc4
{[%clk 0:29:47]} 42. Rd6+ {[%clk 1:26:25]} Ke7 {[%clk 0:30:12]} 43. Ra6
{[%clk 1:26:17]} Bc6 {[%clk 0:29:19]} 44. Ra1 {[%clk 1:26:07]} Bd5
{[%clk 0:25:15]} 45. Ra6 {[%clk 1:25:15]} Bb7 {[%clk 0:22:27]} 46. Rb6
{[%clk 1:25:07]} Bc6 {[%clk 0:22:51]} 47. Rb1 {[%clk 1:25:31]} Bd5
{[%clk 0:14:34]} 48. Re1+ {[%clk 1:24:48]} Kf7 {[%clk 0:14:58]} 49. Re3
{[%clk 1:17:36]} g5 {[%clk 0:07:59]} 50. hxg5 {[%clk 1:17:45]} fxg5
{[%clk 0:07:32]} 51. Bd6 {[%clk 1:14:31]} Rg4+ {[%clk 0:02:43]} 52. Kh3
{[%clk 1:14:51]} Rh4+ {[%clk 0:02:57]} 53. Kg3 {[%clk 1:15:15]} Rg4+
{[%clk 0:03:21]} 54. Kh3 {[%clk 1:15:39]} Rg1 {[%clk 0:02:14]} 55. f3
{[%clk 0:56:29]} Rd1 {[%clk 0:02:19]} 56. Bb4 {[%clk 0:52:28]} Kg6
{[%clk 0:02:36]} 57. Kg3 {[%clk 0:50:07]} h4+ {[%clk 0:00:43]} 58. Kf2
{[%clk 0:50:30]} Rd4 {[%clk 0:00:42]} 59. Be7 {[%clk 0:47:27]} Kf5
{[%clk 0:00:32]} 60. Bc5 {[%clk 0:46:16]} Rc4 {[%clk 0:00:33]} 61. Bd6
{[%clk 0:46:32]} Be6 {[%clk 0:00:32]} 62. Re5+ {[%clk 0:43:51]} Kf6
{[%clk 0:00:59]} 63. Re2 {[%clk 0:44:16]} Rc6 {[%clk 0:00:47]} 64. Be5+
{[%clk 0:44:16]} Kg6 {[%clk 0:01:12]} 65. Bd4 {[%clk 0:44:06]} Ra6
{[%clk 0:01:06]} 66. Re5 {[%clk 0:40:12]} Bf5 {[%clk 0:01:21]} 67. Re2
{[%clk 0:40:33]} Rd6 {[%clk 0:01:13]} 68. Be5 {[%clk 0:40:56]} Rd3
{[%clk 0:01:16]} 69. Re3 {[%clk 0:41:20]} Rd1 {[%clk 0:01:28]} 70. Re1
{[%clk 0:41:44]} Rd7 {[%clk 0:01:40]} 71. Re2 {[%clk 0:42:08]} Kh5
{[%clk 0:01:11]} 72. Re3 {[%clk 0:40:58]} Rf7 {[%clk 0:01:36]} 73. Bd6
{[%clk 0:41:13]} Rd7 {[%clk 0:00:51]} 74. Be5 {[%clk 0:41:37]} Rb7
{[%clk 0:00:35]} 75. Bd6 {[%clk 0:41:48]} Rb6 {[%clk 0:00:39]} 76. Be5
{[%clk 0:42:12]} Ra6 {[%clk 0:00:54]} 77. Bc7 {[%clk 0:42:36]} Ra2+
{[%clk 0:00:56]} 78. Re2 {[%clk 0:43:00]} Ra7 {[%clk 0:01:23]} 79. Be5
{[%clk 0:43:24]} Rf7 {[%clk 0:01:03]} 80. Re3 {[%clk 0:43:47]} Bc8
{[%clk 0:01:18]} 81. Ke2 {[%clk 0:39:34]} Ba6+ {[%clk 0:01:41]} 82. Ke1
{[%clk 0:39:59]} Bb7 {[%clk 0:01:37]} 83. Ke2 {[%clk 0:40:24]} Ba6+
{[%clk 0:01:20]} 84. Ke1 {[%clk 0:40:48]} Bb7 {[%clk 0:01:43]} 85. Ke2
{[%clk 0:41:09]} Rf5 {[%clk 0:01:52]} 86. Bd6 {[%clk 0:40:25]} Bc6
{[%clk 0:00:34]} 87. Bb8 {[%clk 0:39:50]} Rb5 {[%clk 0:00:35]} 88. Be5
{[%clk 0:40:07]} Ra5 {[%clk 0:00:44]} 89. Kf2 {[%clk 0:40:12]} Ra2+
{[%clk 0:00:36]} 90. Re2 {[%clk 0:40:36]} Ra3 {[%clk 0:00:41]} 91. Re3
{[%clk 0:41:00]} Ra5 {[%clk 0:01:01]} 92. Re1 {[%clk 0:39:46]} Rc5
{[%clk 0:00:56]} 93. Re3 {[%clk 0:39:01]} Rd5 {[%clk 0:01:11]} 94. Re1
{[%clk 0:38:30]} Bb5 {[%clk 0:00:42]} 95. Bc3 {[%clk 0:37:49]} Bc6
{[%clk 0:00:34]} 96. Be5 {[%clk 0:38:00]} Kg6 {[%clk 0:00:36]} 97. Bc3
{[%clk 0:37:03]} Bd7 {[%clk 0:00:39]} 98. Re5 {[%clk 0:37:11]} Rd6
{[%clk 0:00:36]} 99. Re3 {[%clk 0:36:53]} Ra6 {[%clk 0:00:39]} 100. Bd4
{[%clk 0:36:31]} Ra4 {[%clk 0:00:55]} 101. Bb2 {[%clk 0:34:36]} Rc4
{[%clk 0:00:39]} 102. Be5 {[%clk 0:33:49]} Kf5 {[%clk 0:00:34]} 103. Bc3
{[%clk 0:32:16]} Rc5 {[%clk 0:00:50]} 104. Bd4 {[%clk 0:32:15]} Rd5
{[%clk 0:01:01]} 105. Bc3 {[%clk 0:32:35]} h3 {[%clk 0:01:06]} 106. Kg3
{[%clk 0:32:28]} Kg6 {[%clk 0:00:52]} 107. Re2 {[%clk 0:32:01]} Rc5
{[%clk 0:01:01]} 108. Rd2 {[%clk 0:31:13]} Be6 {[%clk 0:01:25]} 109. Re2
{[%clk 0:30:59]} Bf5 {[%clk 0:01:20]} 110. Re3 {[%clk 0:31:07]} Rd5
{[%clk 0:01:32]} 111. Be1 {[%clk 0:30:03]} Rd1 {[%clk 0:01:44]} 112. Bf2
{[%clk 0:30:00]} Rd2 {[%clk 0:01:43]} 113. Re1 {[%clk 0:29:46]} Kf6
{[%clk 0:01:13]} 114. Ra1 {[%clk 0:29:36]} Rd3 {[%clk 0:00:50]} 115. Re1
{[%clk 0:29:47]} Be6 {[%clk 0:00:59]} 116. Re3 {[%clk 0:29:56]} Rd1
{[%clk 0:01:19]} 117. Re1 {[%clk 0:30:20]} Rd2 {[%clk 0:01:45]} 118. Ra1
{[%clk 0:29:57]} Rd3 {[%clk 0:00:48]} 119. Re1 {[%clk 0:30:10]} Bd7
{[%clk 0:00:35]} 120. Re3 {[%clk 0:30:18]} Rd1 {[%clk 0:00:40]} 121. Re1
{[%clk 0:30:37]} Rd2 {[%clk 0:01:07]} 122. Ra1 {[%clk 0:30:50]} Kg6
{[%clk 0:01:04]} 123. Re1 {[%clk 0:30:53]} Rc2 {[%clk 0:01:19]} 124. Rd1
{[%clk 0:30:13]} Be6 {[%clk 0:01:43]} 125. Re1 {[%clk 0:30:37]} Bc8
{[%clk 0:02:02]} 126. Ra1 {[%clk 0:30:35]} Rc3 {[%clk 0:02:23]} 127. Re1
{[%clk 0:30:55]} Rb3 {[%clk 0:01:20]} 128. Re3 {[%clk 0:31:09]} Rb1
{[%clk 0:01:38]} 129. Re1 {[%clk 0:31:33]} Rb2 {[%clk 0:02:05]} 130. Rc1
{[%clk 0:31:47]} Bb7 {[%clk 0:01:02]} 131. Bd4 {[%clk 0:27:02]} Rd2
{[%clk 0:00:34]} 132. Be3 {[%clk 0:27:25]} Re2 {[%clk 0:00:35]} 133. Bf2
{[%clk 0:27:06]} g4 {[%clk 0:00:37]} 134. fxg4 {[%clk 0:26:16]} h2
{[%clk 0:01:03]} 135. Kxh2 {[%clk 0:26:42]} Rxf2+ {[%clk 0:01:30]} 136. Kg3
{[%clk 0:27:05]} Rf3+ {[%clk 0:01:23]} 137. Kh4 {[%clk 0:27:19]} Re3
{[%clk 0:01:41]} 138. Rb1 {[%clk 0:26:23]} Bd5 {[%clk 0:01:58]} 139. Rb6+
{[%clk 0:26:35]} Be6 {[%clk 0:02:21]} 140. Rb4 {[%clk 0:27:00]} Rd3
{[%clk 0:02:28]} 141. Ra4 {[%clk 0:27:23]} Rb3 {[%clk 0:02:08]} 142. Ra6
{[%clk 0:27:46]} Kf6 {[%clk 0:02:25]} 143. Ra4 {[%clk 0:28:11]} Rb1
{[%clk 0:01:35]} 144. Rf4+ {[%clk 0:28:34]} Kg6 {[%clk 0:01:57]} 145. Ra4
{[%clk 0:29:00]} Rc1 {[%clk 0:01:55]} 146. Rb4 {[%clk 0:29:23]} Rh1+
{[%clk 0:01:34]} 147. Kg3 {[%clk 0:29:48]} Kf6 {[%clk 0:01:59]} 148. Ra4
{[%clk 0:30:14]} Ke5 {[%clk 0:02:15]} 149. g5 {[%clk 0:30:16]} Rg1+
{[%clk 0:02:34]} 150. Kf2 {[%clk 0:30:41]} Rxg5 {[%clk 0:02:31]} 151. Ke3
{[%clk 0:30:58]} Rg3+ {[%clk 0:02:49]} 152. Kd2 {[%clk 0:31:25]} Bf5
{[%clk 0:03:03]} 153. Rb4 {[%clk 0:31:50]} Be4 {[%clk 0:03:19]} 154. Rb5+
{[%clk 0:32:16]} Kf4 {[%clk 0:03:42]} 155. Rb2 {[%clk 0:31:30]} Rd3+
{[%clk 0:02:44]} 156. Ke2 {[%clk 0:31:55]} Rd4 {[%clk 0:02:35]} 157. Kf2
{[%clk 0:32:14]} Rd8 {[%clk 0:02:47]} 158. Ra2 {[%clk 0:32:38]} Rg8
{[%clk 0:02:10]} 159. Rd2 {[%clk 0:33:01]} Rh8 {[%clk 0:02:34]} 160. Re2
{[%clk 0:33:27]} Bd3 {[%clk 0:02:31]} 161. Rd2 {[%clk 0:33:50]} Rh2+
{[%clk 0:00:56]} 162. Ke1 {[%clk 0:34:16]} Rh1+ {[%clk 0:01:21]} 163. Kf2
{[%clk 0:34:44]} Ke4 {[%clk 0:01:44]} 164. Kg3 {[%clk 0:32:57]} Ke3
{[%clk 0:01:57]} 165. Rh2 {[%clk 0:32:56]} Ra1 {[%clk 0:01:22]} 166. Rb2
{[%clk 0:33:11]} Rg1+ {[%clk 0:01:19]} 167. Rg2 {[%clk 0:33:34]} Rf1
{[%clk 0:00:54]} 168. Kg4 {[%clk 0:34:00]} Rf7 {[%clk 0:00:34]} 169. Rg3+
{[%clk 0:34:25]} Ke4 {[%clk 0:00:39]} 170. Kg5 {[%clk 0:34:52]} Kd4
{[%clk 0:00:39]} 171. Rg4+ {[%clk 0:35:16]} Ke5 {[%clk 0:01:02]} 172. Rg3
{[%clk 0:35:43]} Be4 {[%clk 0:00:59]} 173. Kg4 {[%clk 0:36:04]} Rf1
{[%clk 0:00:32]} 174. Kg5 {[%clk 0:36:29]} Bf3 {[%clk 0:00:43]} 175. Kg6
{[%clk 0:36:16]} Be4+ {[%clk 0:00:35]} 176. Kg5 {[%clk 0:36:42]} Rf8
{[%clk 0:00:38]} 177. Kg4 {[%clk 0:37:05]} Rh8 {[%clk 0:00:33]} 178. Kg5
{[%clk 0:37:30]} Rh7 {[%clk 0:00:49]} 179. Kg4 {[%clk 0:37:53]} Rf7
{[%clk 0:00:54]} 180. Kg5 {[%clk 0:38:18]} Bf3 {[%clk 0:01:17]} 181. Kg6
{[%clk 0:38:27]} Ke6 {[%clk 0:01:42]} 182. Kg5 {[%clk 0:38:53]} Rf5+
{[%clk 0:01:55]} 183. Kg6 {[%clk 0:39:15]} Be4 {[%clk 0:02:10]} 184. Kg7
{[%clk 0:37:52]} Rh5 {[%clk 0:02:13]} 185. Re3 {[%clk 0:37:30]} Rh7+
{[%clk 0:00:43]} 186. Kg8 {[%clk 0:30:22]} Rh4 {[%clk 0:01:03]} 187. Kg7
{[%clk 0:30:49]} Rg4+ {[%clk 0:01:18]} 188. Kh6 {[%clk 0:30:47]} Kf6
{[%clk 0:01:09]} 189. Kh5 {[%clk 0:31:12]} Rf4 {[%clk 0:00:45]} 190. Rh3
{[%clk 0:31:39]} Bg6+ {[%clk 0:00:49]} 191. Kh6 {[%clk 0:32:05]} Rf2
{[%clk 0:00:42]} 192. Rf3+ {[%clk 0:32:31]} Rxf3 1/2-1/2

[Event "High League 2022 men"]
[Site "Obninsk"]
[Date "2022.07.03"]
[Round "7.17"]
[White "Kryakvin, Dmitry"]
[Black "Sutormin, Danila"]
[Result "1-0"]
[LiveChessVersion "1.4.7"]
[BlackElo "2382"]
[WhiteElo "2524"]

1. c4 {[%clk 1:30:57]} c6 {[%clk 1:29:37]} 2. d4 {[%clk 1:29:48]} d5
{[%clk 1:29:58]} 3. Nf3 {[%clk 1:30:06]} Nf6 {[%clk 1:30:20]} 4. e3
{[%clk 1:30:28]} Bf5 {[%clk 1:30:40]} 5. Nc3 {[%clk 1:30:49]} e6 {[%clk 1:31:02]}
6. Nh4 {[%clk 1:31:13]} Bg6 {[%clk 1:31:25]} 7. Nxg6 {[%clk 1:29:58]} hxg6
{[%clk 1:31:52]} 8. Bd2 {[%clk 1:30:18]} Nbd7 {[%clk 1:32:04]} 9. Qc2
{[%clk 1:30:26]} Bd6 {[%clk 1:29:59]} 10. O-O-O {[%clk 1:29:23]} Qe7
{[%clk 1:23:14]} 11. Kb1 {[%clk 1:27:45]} dxc4 {[%clk 1:10:06]} 12. Bxc4
{[%clk 1:23:07]} b5 {[%clk 0:59:11]} 13. Be2 {[%clk 1:21:57]} O-O
{[%clk 0:57:49]} 14. e4 {[%clk 1:16:05]} e5 {[%clk 0:56:25]} 15. dxe5
{[%clk 1:04:50]} Bxe5 {[%clk 0:56:22]} 16. Rhe1 {[%clk 1:04:34]} Nc5
{[%clk 0:38:33]} 17. f4 {[%clk 0:56:48]} Bxc3 {[%clk 0:24:53]} 18. Bxc3
{[%clk 0:56:27]} Na4 {[%clk 0:20:15]} 19. Be5 {[%clk 0:52:49]} Rfc8
{[%clk 0:18:46]} 20. Bf3 {[%clk 0:50:58]} Nb6 {[%clk 0:18:29]} 21. Bd6
{[%clk 0:49:44]} Qb7 {[%clk 0:16:40]} 22. e5 {[%clk 0:49:23]} Nfd5
{[%clk 0:16:53]} 23. e6 {[%clk 0:47:38]} Nc4 {[%clk 0:14:42]} 24. Bc5
{[%clk 0:47:13]} Re8 {[%clk 0:13:39]} 25. f5 {[%clk 0:44:51]} gxf5
{[%clk 0:11:54]} 26. Qxf5 {[%clk 0:42:58]} fxe6 {[%clk 0:08:47]} 27. Rxe6
{[%clk 0:42:29]} Nce3 {[%clk 0:05:47]} 28. Bxe3 {[%clk 0:40:59]} Nxe3
{[%clk 0:06:11]} 29. Rxe3 {[%clk 0:40:15]} Rxe3 {[%clk 0:06:32]} 30. Rd7
{[%clk 0:40:39]} 1-0